| 000 | 01102cac a2200337 i 4500 | ||
|---|---|---|---|
| 003 | EG-GICUC | ||
| 005 | 20260121101545.0 | ||
| 008 | 060321s1996 enka frb 001 0 eng d | ||
| 020 | _a0133801551 | ||
| 020 | _a9780133801552 | ||
| 040 |
_aDLC _cDLC _dDLC _dEG-GICUC _beng _erda |
||
| 043 | _ae-uk--- | ||
| 082 | 0 | 0 |
_a343.6042 _221 |
| 092 | 0 | 4 | _221 |
| 099 | _aLaw 10 1996 | ||
| 100 | 1 | _aTierney, John. | |
| 245 | 1 | 0 |
_aCriminology : _btheory and context / _cJohn Tierney. |
| 264 |
_aLondon : _bPrentice Hall Harvester Wheatsheaf, _c1996. |
||
| 300 |
_axii, 324 page : _billustrations ; _c24 cm. |
||
| 336 |
_atext _btxt _2rdacontent |
||
| 337 |
_aunmediated _bn _2rdamedia |
||
| 338 |
_avolume _bnc _2rdacarrier |
||
| 504 | _aIncludes bibliographical references (p. 296-316) and indexes. | ||
| 650 | 0 |
_aCriminology _xHistory. |
|
| 650 | 0 |
_aCriminology _zGreat Britain _xHistory. |
|
| 650 | 0 |
_aCrime _xSociological aspects. |
|
| 650 | 0 |
_aCrime _zGreat Britain _xSociological aspects. |
|
| 856 | 4 | 1 | _uhttps://fll.law.cu.edu.eg/fulltext/bks/ENGB10-00118.pdf |
| 905 | _a10 | ||
| 942 |
_2ddc _cBK _e21 _n0 |
||
| 999 |
_c52985 _d52985 |
||